=LDR 00000nam 2200000 4500 =001 INLIS000000000004315 =005 20250707083545 =035 ##$$a 0010-0725000126 =007 ta =008 250707################f##########0#ind## =082 ##$$a 304.66 =084 ##$$a 304.66 SAJ p =100 #$$a Sajogyo =245 1#$$a Penelitian Data Dasar Sosial Ekonomi Masyarakat Desa Tertinggal Di Sulawesi Tengah, Maluku, dan IRJA Tahun 1994 1995 /$c Sajogyo =260 ##$$a Jakarta :$b BKKBN,$c 1996 =300 ##$$a 19 hlm. =650 #4$$a Masyarakat Desa Tertinggal =651 #4$$a Provinsi Sulawesi Tengah =651 #4$$a Provinsi Maluku =651 #4$$a Provinsi Irian Jaya